| 000 | 01132nam a22003497a 4500 | ||
|---|---|---|---|
| 003 | CHAP | ||
| 005 | 20220329141545.0 | ||
| 008 | 971013s1986 ag r 00010 spa d | ||
| 010 | _a70095 | ||
| 011 | _a71067 | ||
| 035 | _a80621 | ||
| 040 | _cCHAP | ||
| 090 | _aFolleto 11991 | ||
| 100 | 0 | 0 |
_aCarden, Andrés E. _918875 |
| 245 | 1 | _aBases para un programa cooperativo de mejoramiento genético de cerdos | |
| 260 |
_aBuenos Aires : _bEstación Experimental Agropecuaria Pergamino, _c1986 |
||
| 300 | _a23 p. | ||
| 490 |
_aInforme técnico _v; 208 |
||
| 500 | _aD19-128 | ||
| 590 |
_aBATCH-UPD _b10 _c20130110 _lUCH01 _h0411 |
||
| 590 |
_aBATCH-UPD _b10 _c20130110 _lUCH01 _h2216 |
||
| 590 |
_aBATCH-UPD _b10 _c20130410 _lUCH01 _h0045 |
||
| 590 |
_aBATCH-UPD _b10 _c20130914 _lUCH01 _h0843 |
||
| 590 |
_aCONVERSION _b10 _c20130109 _lUCH01 _h1338 |
||
| 650 | 1 | 4 |
_aGanado porcino _xGenética. _945370 |
| 650 | 1 | 4 |
_aGanado porcino _xMejoramiento. _945382 |
| 700 | 0 |
_aLloveras, M. R. _967294 |
|
| 830 | 0 |
_aInforme técnico _v; 208 _958143 |
|
| 901 | _aBK | ||
| 942 | _cFOLL | ||
| 949 |
_aFolleto 11991 _bBC _cFOLL _d-33525 _eTS1 _i80621 _mD _si |
||
| 999 |
_c70095 _d70095 |
||